Erase Asia (No Skips) Quiz Stats

 Plays Quiz Updated Dec 22, 2019

Support Sporcle.
Go Orange.
Score 0/49 Timer 06:00
74 Plays Today
% Correct
???
31.5%
???
31.4%
???
31.3%
???
31.3%
???
31.3%
???
31.2%
???
31.1%
???
31.1%
???
31.1%
???
30.9%
???
30.9%
???
30.8%
???
30.7%
???
30.7%
???
30.6%
???
30.5%
???
30.4%
???
30.2%
???
30.1%
???
30%
???
29.7%
???
29.7%
???
29.7%
???
29.6%
???
29.6%
% Correct
???
29.6%
???
29.5%
???
29.5%
???
29.5%
???
29.4%
???
29.4%
???
29.4%
???
29.1%
???
29.1%
???
28.4%
???
28.3%
???
28.3%
???
28.2%
???
28.1%
???
28.1%
???
28%
???
27.9%
???
27.7%
???
27%
???
27%
???
26.9%
???
26.7%
???
26.4%
???
25.5%

You're not logged in!

Compare scores with friends on all Sporcle quizzes.
OR
Log In

From the Vault

Guitar Hero World Tour Songs

by Ben

The 4th installment of the Guitar Hero series, here is hoping I get this for Christmas so I can personally check the accuracy of this quiz.
Remove Ads.
Support Sporcle.
Get the best of Sporcle when you Go Orange. This ad-free experience offers more features, more stats, and more fun while also helping to support Sporcle. Thank you for becoming a member.

Show Comments

Extras

Top Quizzes Today


Score Distribution

Your Account Isn't Verified!

In order to create a playlist on Sporcle, you need to verify the email address you used during registration. Go to your Sporcle Settings to finish the process.

Report this User

Report this user for behavior that violates our Community Guidelines.

Details: